000 00674nam a22001937a 4500
005 20220715091858.0
008 220714b ||||| |||| 00| 0 eng d
040 _cAL
041 _aEnglish
082 _223
_a327.73054
_bHAAA
100 _aRichard N Haass and others
_949691
245 _aAfter the Tests:U.S policy toward India and Pakistan
260 _aNew York
_bConcil on Foreign Relations Inc
_c1998
300 _a68 p.
_bPB
650 _areport of an independent task force : cosponsored by the Brookings Institution and the Council on Foreign Relations
_949692
700 _aHAASS (Richard N)
_949693
700 _aHALPERIN (Morton H)
_949694
942 _2ddc
_cGF
999 _c223802
_d223802